000
00225 a2200097 4500
001
30911
100
_a
Nazir Ahmad Khan
245
_a
Common wealth of Muslim states
260
_a
Karachi
_b
Ferozsons
_c
090
_c
20806
_d
20806
942
_a
NUST-CAE
_c
M
_c
12010
999
_c
265984
_d
265984